000 00443nam a2200193Ia 4500
005 20240823022732.0
008 240823s9999||||xx |||||||||||||| ||und||
020 _a81-7809-111-9
041 _aENGLISH
082 _A158.1 P0
100 _a"Gibson,Lindsay C"
245 0 _aWho you Were Meant to Be
250 _a1st
260 _c2000
_b"Magna,M"
_aMumbai
500 _aYES
650 _aLife
_bGeneral
942 _cBK
999 _c179874
_d179874